000 00781nam a22002177a 4500
003 OSt
005 20260317065113.0
008 260317b |||||||| |||| 00| 0 eng d
020 _a978-0-545-10369-5
040 _aDWCL GS lib
_cOC
082 _aS856k 2010
100 _aSTILTON, GERONIMO
245 _aThe karate mouse
_cGERONIMO STILTON
260 _aNew York
_bScholastic, Inc
_c2010
300 _a100 p
_c 19 cm
520 _aGeronimo Stilton is reluctantly dragged by Bruce Hyena and Shorty Tao to compete in the World Karate Championships.
650 _aThe Rodent's Gazette is forced out of his comfort zone to compete in the World Karate Championship.
650 _aovercoming fear, perseverance, and dedication.
700 _aGERONIMO STILTON
942 _2ddc
_cFIC.
_n0
999 _c9236
_d9236